01343cam a2200313Ia 4500999001500000001000900015003000600024005001700030008004100047020001500088020001800103035002000121040004900141082002100190092002400211100004500235245011500280250002900395260005600424300003700480504003700517505011200554630002500666700004900691700009200740740005800832942001300890952012600903 c6267d626722285897OCoLC20190116133505.0900828s1981 iau bd 001 0 eng d a0529063743 a9780529063748 a(OCoLC)22285897 aSVPcSVPdSNMdOCLdOCLCQdBAKERdOCLCQdBSC aREF 220.3bV782E a220.3bV782v, 1981a1 aVine, W. E.q(William Edwy),d1873-1949.10aVine's Expository dictionary of Old and New Testament words /cW.E. Vine ; Old Testament edited by F.F. Bruce. a[Reference Library ed.]. aIowa Falls, Iowa :bWorld Bible Publishers,cc1981. a1 v. (various pagings) ;c23 cm. aIncludes bibliography and index.0 aVine's Expository dictionary of Old Testament words -- Vine's Expository dictionary of New Testament words.00aBiblevDictionaries.1 aBruce, F. F.q(Frederick Fyvie),d1910-1990.12aVine, W. E.q(William Edwy),d1873-1949.tExpository dictionary of New Testament words.01aExpository dictionary of Old and New Testament words. 2ddccREF 00102ddc40718REFaHMCbHMCcREFd2019-01-16g8500.00l0oREF 220.3 V782Ep007217r2019-01-16 00:00:00w2019-01-16yBK